|
|
|
|
| LEADER |
00743nam#a2200241#a#4500 |
| 001 |
002058 |
| 005 |
20160721142302.0 |
| 008 |
960524s1972####ag##################spa#d |
| 040 |
|
|
|a AR-BeUNQ
|
| 099 |
|
|
|a 03-B14
|
| 100 |
1 |
|
|a Binswanger, Ludwig
|
| 245 |
0 |
2 |
|a Tres formas de la existencia frustrada :
|b exaltación, excentricidad, manerismo
|c Ludwig Binswanger.
|
| 260 |
|
|
|a Buenos Aires :
|b Amorrortu,
|c 1972
|
| 300 |
|
|
|a 247 p
|
| 650 |
|
7 |
|a FILOSOFIA
|2 spines
|
| 650 |
|
7 |
|a METAFISICA
|2 spines
|
| 650 |
|
7 |
|a EXISTENCIA
|2 spines
|
| 650 |
|
7 |
|a ESENCIA (FILOSOFIA)
|2 spines
|
| 650 |
|
7 |
|a HERMENEUTICA
|2 spines
|
| 650 |
|
7 |
|a PSICOSIS
|2 spines
|
| 929 |
|
|
|a COMPRA
|b Amorrortu
|c Exp. 827-0866/95
|d 12,54
|e 19951115
|j 15035
|
| 942 |
|
|
|c LIB
|n 0
|
| 999 |
|
|
|c 4859
|d 80246
|